LIBRARY & INFORMATION CENTRE, KCAET, TAVANUR

ONLINE PUBLIC ACCESS CATALOGUE (OPAC)

Bios Instant Notes:Medical Microbiology (Record no. 14727)

MARC details
000 -LEADER
fixed length control field 00379nam a22001577a 4500
020 ## - INTERNATIONAL STANDARD BOOK NUMBER
ISBN 9781859962541
082 ## - DEWEY DECIMAL CLASSIFICATION NUMBER
Classification number 576.
Item number IRV/ME
100 ## - MAIN ENTRY--AUTHOR NAME
Personal name Irving,William
100 ## - MAIN ENTRY--AUTHOR NAME
Personal name Boswell,Tim
100 ## - MAIN ENTRY--AUTHOR NAME
Personal name Ala'Aldeen,Dlawer
245 ## - TITLE STATEMENT
Title Bios Instant Notes:Medical Microbiology
250 ## - EDITION STATEMENT
Edition statement 1
260 ## - PUBLICATION, DISTRIBUTION, ETC. (IMPRINT)
Place of publication New York
Name of publisher Garland
Year of publication 2015
300 ## - PHYSICAL DESCRIPTION
Number of Pages 350
942 ## - ADDED ENTRY ELEMENTS (KOHA)
Koha item type Book Bank scheme for SC students
Holdings
Withdrawn status Lost status Damaged status Collection code Home library Current library Shelving location Date acquired Source of acquisition Cost, normal purchase price Full call number Accession Number Koha item type
        KAUAET KAUAET Scheme 25/08/2016 Dream Tech Publishers & Book Sellers, Trivandrum. 495.00 576. IRV/ME BB 342 Book Bank scheme for SC students
free website counter